[Event "40.C.to Italiano di Cat.Mag. Semif."]
[Site "Napoli ITA"]
[Date "1981.12.12"]
[Round "8.4"]
[White "Falchetta, Giovanni"]
[Black "Martorelli, Antonio"]
[Result "0-1"]
[WhiteElo "1995"]
[BlackElo "2286"]
[Annotator "Gabriele Ballarin"]
[PlyCount "108"]
[EventDate "1981.12.05"]
[EventType "swiss"]
[EventRounds "2"]
[EventCountry "ITA"]

1. Nf3 g6 2. d4 Nf6 3. b3 Bg7 4. Bb2 c5 5. c4 d5 6. e3 O-O 7. Be2 Nc6 8. O-O dxc4 9. bxc4 Qb6 10. Qb3 Bf5 11. d5 Nb4 12. Nbd2 a5 13. a4 e6 14. dxe6 Qxe6 15. Bc3 Rfd8 16. Rac1 Bd3 17. Bxd3 Rxd3 18. Qb2 Rad8 19. Ng5 Qf5 20. Ndf3 Rxc3 21. Rxc3 h6 22. e4 Nxe4 23. Nxe4 Qxe4 24. Qb3 Bxc3 25. Qxc3 Qd3 26. Qf6 Nc6 27. h4 Qxc4 28. Rb1 Qxa4 29. Rxb7 Qd1+ 30. Kh2 Qd6+ 31. Qxd6 Rxd6 32. Rb6 Re6 33. Rb5 Ne5 34. Nxe5 Rxe5 35. Rxa5 Kg7 36. Kg3 Rf5 37. f4 c4 38. Ra3 Rc5 39. Rc3 Kf6 40. Kf3 h5 41. Ke4 Ke6 42. Kd4 Kd6 43. g3 Rd5+ 44. Ke4 Kc5 45. Rc1 f5+ 46. Ke3 Rd3+ 47. Kf2 Kd4 48. Ra1 Rd2+ 49. Kf3 c3 50. Ra4+ Kd3 51. Ra6 c2 52. Rd6+ Kc3 53. Rc6+ Kb2 54. Ke3 c1=Q 0-1

[Event "40.C.to Italiano di Cat.Mag. Semif."]
[Site "Napoli ITA"]
[Date "1981.12.12"]
[Round "8.5"]
[White "Sibilio, Mario"]
[Black "Palmiotto, Fiorentino"]
[Result "1/2-1/2"]
[WhiteElo "2329"]
[BlackElo "2179"]
[Annotator "Gabriele Ballarin"]
[PlyCount "112"]
[EventDate "1981.12.05"]
[EventType "swiss"]
[EventRounds "2"]
[EventCountry "ITA"]

1. Nf3 Nf6 2. b3 c5 3. Bb2 e6 4. c4 Nc6 5. g3 Be7 6. Bg2 d6 7. O-O O-O 8. Nc3 a6 9. d4 cxd4 10. Nxd4 Bd7 11. e3 Qc7 12. Rc1 Qa5 13. Qe2 Rab8 14. a3 Rfc8 15. Rfd1 Kf8 16. Nf3 Na7 17. e4 Nc6 18. b4 Qh5 19. h3 g5 20. g4 Qg6 21. Re1 h5 22. e5 Nxe5 23. Nxe5 dxe5 24. Ne4 Nxe4 25. Bxe4 Qg7 26. Rcd1 Ba4 27. Bc2 Bxc2 28. Qxc2 f6 29. Rd7 hxg4 30. hxg4 Rd8 31. Red1 Rxd7 32. Rxd7 Ke8 33. Rd3 Kf7 34. Rh3 Rh8 35. Rxh8 Qxh8 36. Kg2 Qh4 37. f3 Qe1 38. Qh7+ Ke8 39. Qg6+ Kd7 40. Qd3+ Kc7 41. Bc3 Qc1 42. c5 Qf4 43. Qe2 Qc1 44. Qd3 Qf4 45. Qh7 Kd8 46. Qg8+ Kd7 47. Qb8 Bd8 48. Qxb7+ Bc7 49. c6+ Kd6 50. Qxa6 Qe3 51. Qc8 Qe2+ 52. Kg3 Kxc6 53. Qxe6+ Bd6 54. Qc8+ Bc7 55. Qa8+ Kd7 56. Qe4 Qf1 1/2-1/2

[Event "40.C.to Italiano di Cat.Mag. Semif."]
[Site "Napoli ITA"]
[Date "1981.12.12"]
[Round "8.6"]
[White "Ficco, Corrado"]
[Black "Lupo, Alfredo"]
[Result "0-1"]
[WhiteElo "1919"]
[BlackElo "1900"]
[Annotator "Gabriele Ballarin"]
[PlyCount "92"]
[EventDate "1981.12.05"]
[EventType "swiss"]
[EventRounds "2"]
[EventCountry "ITA"]

1. e4 e5 2. Nf3 Nc6 3. Bb5 a6 4. Ba4 Nf6 5. Qe2 d6 6. c3 b5 7. Bc2 Bg4 8. O-O Be7 9. d3 O-O 10. Re1 Nd7 11. Nbd2 f5 12. exf5 d5 13. Bb3 Nb6 14. h3 Bxf5 15. Ne4 Kh8 16. Ng3 Bg6 17. Bc2 Qd7 18. Be3 Rae8 19. Bxb6 cxb6 20. a4 b4 21. Bb3 Bc5 22. Bc2 Re7 23. Rad1 Rxf3 24. Qxf3 Rf7 25. Qe2 Rxf2 26. Qxf2 Bxf2+ 27. Kxf2 Qe7 28. Kg1 bxc3 29. bxc3 Qc5+ 30. Kh2 Qxc3 31. Rc1 h5 32. Bb1 Qb4 33. d4 Bxb1 34. Rxb1 Qxd4 35. Nxh5 e4 36. Nf4 e3 37. g3 Ne5 38. Re2 Nf3+ 39. Kh1 Qe4 40. Rxb6 Nd4+ 41. Rg2 e2 42. Nxe2 Nxe2 43. Kh2 d4 44. Rxa6 d3 45. Rd6 Qe3 46. a5 Nd4 0-1

[Event "40.C.to Italiano di Cat.Mag. Semif."]
[Site "Napoli ITA"]
[Date "1981.12.12"]
[Round "8.7"]
[White "Crispino, Giuseppe"]
[Black "Fumo, Guglielmo"]
[Result "1-0"]
[WhiteElo "2076"]
[BlackElo "1960"]
[Annotator "Gabriele Ballarin"]
[PlyCount "115"]
[EventDate "1981.12.05"]
[EventType "swiss"]
[EventRounds "2"]
[EventCountry "ITA"]

1. d4 Nf6 2. Nf3 e6 3. Bg5 h6 4. Bh4 c5 5. e3 d5 6. c3 Nbd7 7. Nbd2 Be7 8. Bd3 O-O 9. O-O b6 10. Ne5 Bb7 11. f4 Ne4 12. Bxe7 Qxe7 13. Nxd7 Qxd7 14. Qc2 f5 15. Nf3 Nf6 16. Ne5 Qe8 17. Qd2 c4 18. Bc2 b5 19. Kh1 g5 20. g4 Ne4 21. Bxe4 dxe4 22. Qg2 fxg4 23. Qxg4 Rf5 24. fxg5 Rxg5 25. Qh4 Qh5 26. Qxh5 Rxh5 27. Rg1+ Kh7 28. Raf1 Rf5 29. Rxf5 exf5 30. Ng6 Re8 31. Nf4 Re7 32. Rg3 Bc6 33. Rg6 Be8 34. Ra6 Kg7 35. Kg2 Bf7 36. a3 Rd7 37. Kg3 Re7 38. Nh3 Be6 39. Kf4 Bc8 40. Rc6 Bb7 41. Rc5 a6 42. Nf2 Kg6 43. Nh1 Rf7 44. Ng3 Re7 45. h4 Rg7 46. Rxf5 Bc8 47. Rf8 Bb7 48. h5+ Kh7 49. Nf5 Rd7 50. Rf6 Bc8 51. Rxh6+ Kg8 52. Rd6 Rc7 53. Rc6 Rxc6 54. Ne7+ Kh7 55. Nxc6 Kh6 56. Kxe4 Kxh5 57. d5 Kg5 58. Ke5 1-0

[Event "40.C.to Italiano di Cat.Mag. Semif."]
[Site "Napoli ITA"]
[Date "1981.12.12"]
[Round "8.8"]
[White "Castrogiovanni, Carlo"]
[Black "Favale, Paolo"]
[Result "1-0"]
[WhiteElo "2000"]
[BlackElo "1900"]
[Annotator "Gabriele Ballarin"]
[PlyCount "79"]
[EventDate "1981.12.05"]
[EventType "swiss"]
[EventRounds "2"]
[EventCountry "ITA"]

1. d4 Nf6 2. c4 g6 3. Nc3 d5 4. cxd5 Nxd5 5. e4 Nxc3 6. bxc3 Bg7 7. Bc4 c5 8. Ne2 Nc6 9. Be3 O-O 10. O-O Bg4 11. f3 cxd4 12. cxd4 Na5 13. Bd3 Be6 14. d5 Bxa1 15. Qxa1 f6 16. Bh6 Re8 17. Qe1 Bf7 18. Qg3 e5 19. f4 Rc8 20. f5 Nc4 21. fxg6 hxg6 22. Qf3 Nd6 23. Qg3 Qe7 24. Qh4 g5 25. Qg4 Bg6 26. h4 Nf7 27. hxg5 fxg5 28. Qh3 Rcd8 29. Ng3 Rd6 30. Bb5 Red8 31. Be2 Bh7 32. Rxf7 Kxf7 33. Bxg5 Qxg5 34. Qxh7+ Kf8 35. Nf5 Rg6 36. g3 Rg7 37. Qh8+ Kf7 38. Bh5+ Rg6 39. Qh7+ Kf6 40. Qe7# 1-0

[Event "40.C.to Italiano di Cat.Mag. Semif."]
[Site "Napoli ITA"]
[Date "1981.12.13"]
[Round "9.2"]
[White "Bruno, Fabio"]
[Black "Vallifuoco, Giovanni"]
[Result "1/2-1/2"]
[WhiteElo "2249"]
[BlackElo "2106"]
[Annotator "Gabriele Ballarin"]
[PlyCount "103"]
[EventDate "1981.12.05"]
[EventType "swiss"]
[EventRounds "2"]
[EventCountry "ITA"]

1. c4 e5 2. b3 g6 3. Bb2 Bg7 4. g3 d6 5. Bg2 Nf6 6. Nc3 O-O 7. e3 c6 8. d3 d5 9. cxd5 cxd5 10. Nf3 Nc6 11. O-O Re8 12. Qd2 Bf5 13. Ne2 Qe7 14. a3 Rad8 15. Rfc1 Ne4 16. Qc2 Ng5 17. Nxg5 Qxg5 18. Qd1 d4 19. e4 Be6 20. Rcb1 Qh5 21. Bc1 Bg4 22. Ra2 f5 23. Qf1 Bf3 24. h3 Rf8 25. Rd2 Bh6 26. Rc2 fxe4 27. g4 Qh4 28. Ng3 Bf4 29. Nxe4 h5 30. Bxf3 Bxc1 31. Qg2 Bf4 32. gxh5 Kh8 33. Qg4 Qxh5 34. Qxh5+ gxh5 35. Bxh5 Rd7 36. b4 Rg7+ 37. Bg4 Ne7 38. Rc7 Nd5 39. Rxg7 Kxg7 40. Rb2 Bc1 41. Rc2 Bxa3 42. Ra2 Bxb4 43. Rxa7 Rb8 44. Ng3 Nf4 45. Nh5+ Nxh5 46. Bxh5 Kh6 47. Bf3 b6 48. Rb7 Rxb7 49. Bxb7 Kg5 50. Kf1 Kh4 51. Kg2 Bd2 52. Bc6 1/2-1/2

[Event "40.C.to Italiano di Cat.Mag. Semif."]
[Site "Napoli ITA"]
[Date "1981.12.13"]
[Round "9.3"]
[White "Martorelli, Antonio"]
[Black "Sibilio, Mario"]
[Result "0-1"]
[WhiteElo "2286"]
[BlackElo "2329"]
[Annotator "Gabriele Ballarin"]
[PlyCount "48"]
[EventDate "1981.12.05"]
[EventType "swiss"]
[EventRounds "2"]
[EventCountry "ITA"]

1. e4 Nc6 2. d4 d5 3. Nc3 e5 4. exd5 Nxd4 5. Nge2 c5 6. Ng3 Nf6 7. Be3 h5 8. Qd2 h4 9. Nge2 Bg4 10. Nxd4 cxd4 11. Bb5+ Bd7 12. Bxd4 exd4 13. Bxd7+ Qxd7 14. Qxd4 Bd6 15. O-O-O Qf5 16. Rhe1+ Kf8 17. g3 hxg3 18. hxg3 Rh2 19. Rd2 b6 20. Qa4 Rxf2 21. Rd3 Rc8 22. Rde3 b5 23. Qb3 b4 24. g4 Nxg4 0-1

[Event "40.C.to Italiano di Cat.Mag. Semif."]
[Site "Napoli ITA"]
[Date "1981.12.13"]
[Round "9.4"]
[White "Palmiotto, Fiorentino"]
[Black "Iannaccone, Ernesto"]
[Result "0-1"]
[WhiteElo "2179"]
[BlackElo "2339"]
[Annotator "Gabriele Ballarin"]
[PlyCount "142"]
[EventDate "1981.12.05"]
[EventType "swiss"]
[EventRounds "2"]
[EventCountry "ITA"]

1. d4 Nf6 2. c4 e6 3. Nf3 b6 4. g3 Ba6 5. b3 Bb4+ 6. Bd2 Be7 7. Bg2 c6 8. Nc3 d5 9. cxd5 cxd5 10. Ne5 Nfd7 11. Nxd5 exd5 12. Nxf7 Kxf7 13. Bxd5+ Kf8 14. Bxa8 Nf6 15. Bc3 Nd5 16. Qd2 Nxc3 17. Qxc3 Nd7 18. Bf3 Nf6 19. O-O h5 20. Rfd1 h4 21. Rac1 hxg3 22. fxg3 Nd5 23. Bxd5 Qxd5 24. Qf3+ Qxf3 25. exf3 Bd6 26. Re1 Kf7 27. Rc6 Rd8 28. Rec1 Ke6 29. Kf2 Kd7 30. h4 Bb7 31. R6c2 a5 32. Re1 Bd5 33. h5 Rf8 34. Re3 b5 35. Rce2 a4 36. Rd3 a3 37. g4 Rc8 38. Rdd2 Rc3 39. Re3 Bg3+ 40. Ke2 Rc1 41. Re5 Bxe5 42. dxe5 Ke6 43. f4 Rg1 44. g5 Rg3 45. h6 gxh6 46. gxh6 Rh3 47. h7 Rxh7 48. Kd3 Bxb3 49. f5+ Kxf5 50. Rf2+ Kxe5 51. axb3 Rh3+ 52. Kc2 b4 53. Rd2 Rc3+ 54. Kb1 Rxb3+ 55. Ka2 Rc3 56. Rh2 Kd5 57. Rh5+ Kc4 58. Rh4+ Kb5 59. Rh5+ Ka4 60. Rh4 Rc2+ 61. Kb1 Rd2 62. Ka1 Kb3 63. Rh3+ Kc4 64. Rh8 b3 65. Rc8+ Kd3 66. Rd8+ Ke2 67. Re8+ Kd1 68. Ra8 Ra2+ 69. Kb1 Rb2+ 70. Ka1 Kc1 71. Rc8+ Rc2 0-1

[Event "40.C.to Italiano di Cat.Mag. Semif."]
[Site "Napoli ITA"]
[Date "1981.12.13"]
[Round "9.5"]
[White "Lupo, Alfredo"]
[Black "Falchetta, Giovanni"]
[Result "1-0"]
[WhiteElo "1900"]
[BlackElo "1995"]
[Annotator "Gabriele Ballarin"]
[PlyCount "112"]
[EventDate "1981.12.05"]
[EventType "swiss"]
[EventRounds "2"]
[EventCountry "ITA"]

1. e4 e5 2. Nf3 Nf6 3. Nxe5 d6 4. Nf3 Nxe4 5. d4 d5 6. Bd3 Be7 7. O-O Nc6 8. Re1 Bg4 9. Bxe4 dxe4 10. Rxe4 Bxf3 11. Qxf3 Nxd4 12. Qd3 Ne6 13. Qe2 O-O 14. Nc3 Bf6 15. Be3 Bxc3 16. bxc3 Qd5 17. Bd4 Rfd8 18. f3 c5 19. Be5 Qd2 20. Re1 Qxe2 21. R4xe2 Rd7 22. f4 Nf8 23. f5 f6 24. Bf4 Kf7 25. Kf2 Rc8 26. g4 Rc6 27. Re8 Ra6 28. Rb8 Rxa2 29. Ree8 Rxc2+ 30. Kf3 Rd3+ 31. Ke4 Re2+ 32. Kxd3 Rxe8 33. Rxb7+ Re7 34. Rb5 Nd7 35. Bd6 Ne5+ 36. Ke4 Re8 37. Rb7+ Kg8 38. Kd5 Nxg4 39. Kxc5 Ne3 40. Rxa7 Nxf5 41. c4 Re4 42. Rc7 h5 43. Rc6 h4 44. Bb8 Ne3 45. Kb5 f5 46. c5 Re8 47. Bf4 Ng2 48. Bg5 f4 49. Rd6 f3 50. Rd1 Re5 51. Bc1 f2 52. Rf1 Rf5 53. Kb6 Kf8 54. c6 Ke8 55. c7 Kd7 56. Rd1+ Ke7 1-0

[Event "40.C.to Italiano di Cat.Mag. Semif."]
[Site "Napoli ITA"]
[Date "1981.12.13"]
[Round "9.6"]
[White "Crispino, Giuseppe"]
[Black "Ficco, Corrado"]
[Result "1-0"]
[WhiteElo "2076"]
[BlackElo "1919"]
[Annotator "Gabriele Ballarin"]
[PlyCount "45"]
[EventDate "1981.12.05"]
[EventType "swiss"]
[EventRounds "2"]
[EventCountry "ITA"]

1. d4 Nf6 2. c4 e6 3. a3 d5 4. Nc3 b6 5. cxd5 exd5 6. e3 Be7 7. Nf3 O-O 8. Ne5 c5 9. Bd3 Bb7 10. O-O Nc6 11. Qf3 cxd4 12. Nxc6 Bxc6 13. exd4 Re8 14. Re1 g6 15. Re5 Nd7 16. Re2 Bf6 17. Rxe8+ Qxe8 18. Be3 Qe6 19. Re1 Bg7 20. Bd2 Qf6 21. Nxd5 Bxd5 22. Qxd5 Qxd4 23. Qxa8+ 1-0

[Event "5.Coppa Italia Semifinali"]
[Site "Cupramontana ITA"]
[Date "1982.??.??"]
[Round "1"]
[White "Sanna, Gianlazzaro"]
[Black "Passerotti, Pierluigi"]
[Result "1-0"]
[WhiteElo "2295"]
[BlackElo "2340"]
[Annotator "Gabriele Ballarin"]
[PlyCount "113"]
[EventDate "1982.??.??"]
[EventType "team"]
[EventRounds "1"]
[EventCountry "ITA"]

1. c4 e6 2. Nc3 d5 3. d4 Nf6 4. cxd5 exd5 5. Bg5 c6 6. Qc2 Be7 7. e3 Bg4 8. Bd3 Nbd7 9. Nge2 Nh5 10. Bxe7 Qxe7 11. O-O-O Nhf6 12. Kb1 Bxe2 13. Qxe2 O-O-O 14. a3 Kb8 15. b4 a5 16. Qb2 axb4 17. Qxb4 Qxb4+ 18. axb4 b5 19. f3 Nb6 20. Rhe1 Kb7 21. Bf1 Rd7 22. Kb2 Ra8 23. e4 Na4+ 24. Nxa4 Rxa4 25. e5 Ne8 26. Kb3 Kb6 27. Ra1 Rxa1 28. Rxa1 Nc7 29. g3 Ne6 30. Kc3 Ra7 31. Rxa7 Kxa7 32. f4 Kb7 33. f5 Nf8 34. Be2 Kc7 35. Bh5 g6 36. fxg6 hxg6 37. Bg4 Kd8 38. Kd3 Ke7 39. h4 Nh7 40. Ke3 f5 41. Bh3 Nf8 42. g4 fxg4 43. Bxg4 Kf7 44. h5 gxh5 45. Bxh5+ Ke7 46. Bg4 Ng6 47. Bf5 Nh4 48. Bh7 Ke6 49. Kf4 Kf7 50. Kg3 Ng6 51. Bxg6+ Kxg6 52. Kf4 Kf7 53. Kf5 Ke8 54. e6 Ke7 55. Ke5 Kd8 56. Kd6 c5 57. Kxc5 1-0

[Event "Camp. Italiano Magistrale"]
[Site "Chiavari"]
[Date "1982.12.05"]
[Round "1"]
[White "Tirabassi, Maurizio"]
[Black "Ventura, Franco"]
[Result "1/2-1/2"]
[WhiteElo "2129"]
[BlackElo "2088"]
[Annotator "4h 30'"]
[PlyCount "48"]
[EventDate "1982.10.??"]
[EventType "tourn"]
[EventCountry "ITA"]

1. c4 b6 2. e4 Bb7 3. Nc3 e6 4. g3 g6 5. Bg2 Bg7 6. Nge2 Ne7 7. O-O O-O 8. d4 d6 9. b3 Nd7 10. Bb2 a6 11. Qd2 Rb8 12. Rad1 Qe8 13. f4 f5 14. e5 Bxg2 15. Kxg2 dxe5 16. dxe5 Nc5 17. Qe3 Qc6+ 18. Qf3 Qxf3+ 19. Kxf3 Nc6 20. Nd4 Nxd4+ 21. Rxd4 Rf7 22. Rfd1 Bf8 23. Ke2 Be7 24. Kd2 Kf8 1/2-1/2

[Event "Camp. Italiano Magistrale"]
[Site "Chiavari"]
[Date "1982.12.06"]
[Round "2"]
[White "Ciampi, Vincenzo"]
[Black "Tirabassi, Maurizio"]
[Result "1/2-1/2"]
[WhiteElo "2053"]
[BlackElo "2129"]
[Annotator "4h 25'"]
[PlyCount "77"]
[EventDate "1982.10.??"]
[EventType "tourn"]
[EventCountry "ITA"]

1. Nf3 c5 2. g3 Nc6 3. Bg2 g6 4. O-O Bg7 5. d3 e6 6. Nbd2 Nge7 7. Ne4 d6 8. Bg5 f5 9. Nc3 h6 10. Bxe7 Qxe7 11. e4 O-O 12. exf5 gxf5 13. Nh4 Qf7 14. Bf3 Nd4 15. Bh5 Qf6 16. Rb1 Bd7 17. Ne2 Bc6 18. c3 Nxe2+ 19. Qxe2 e5 20. f4 e4 21. dxe4 Bxe4 22. Rbd1 d5 23. Nf3 Qb6 24. Qf2 Rad8 25. Rd2 Qc7 26. Rfd1 b5 27. a3 a5 28. h3 Rb8 29. Rxd5 Bxd5 30. Rxd5 Rbc8 31. Nh4 Rfd8 32. Qf3 b4 33. Nxf5 bxa3 34. bxa3 Rxd5 35. Qxd5+ Kh8 36. Nd6 Rf8 37. Nf7+ Kh7 38. Qd3+ Kg8 39. Nd6 1/2-1/2

[Event "Camp. Italiano Magistrale"]
[Site "Chiavari"]
[Date "1982.12.07"]
[Round "3"]
[White "Tirabassi, Maurizio"]
[Black "Palmiotto, Fiorentino"]
[Result "0-1"]
[WhiteElo "2129"]
[BlackElo "2083"]
[Annotator "2h 35'"]
[PlyCount "52"]
[EventDate "1982.10.??"]
[EventType "tourn"]
[EventCountry "ITA"]

1. d4 d5 2. Nf3 Nf6 3. Bg5 e6 4. e3 Be7 5. Bd3 Nbd7 6. Nbd2 O-O 7. O-O h6 8. Bh4 b6 9. c4 c5 10. Rc1 cxd4 11. Nxd4 Bb7 12. cxd5 Nc5 13. Be2 Nxd5 14. Bg3 Bd6 15. Bxd6 Qxd6 16. N2b3 Ne4 17. Nb5 Qe7 18. Qd4 f5 19. Bf3 e5 20. Qd3 a6 21. Na3 Rac8 22. Rxc8 Rxc8 23. Rd1 Kf8 24. Bxe4 Nb4 25. Bxb7 Nxd3 26. Bxc8 Nxb2 0-1

[Event "Camp. Italiano Magistrale"]
[Site "Chiavari"]
[Date "1982.12.08"]
[Round "4"]
[White "Bellia, Fabrizio"]
[Black "Tirabassi, Maurizio"]
[Result "0-1"]
[WhiteElo "2098"]
[BlackElo "2129"]
[Annotator "3h 25'"]
[PlyCount "70"]
[EventDate "1982.10.??"]
[EventType "tourn"]
[EventCountry "ITA"]

1. e4 c5 2. Nf3 e6 3. d4 cxd4 4. Nxd4 Nc6 5. Nc3 a6 6. f4 Qc7 7. Nxc6 Qxc6 8. Bd3 Bc5 9. Qe2 d6 10. Be3 Ne7 11. O-O-O Bd7 12. Kb1 O-O-O 13. e5 d5 14. Qf2 Bxe3 15. Qxe3 Kb8 16. Ne2 Rc8 17. c3 Qc5 18. Qxc5 Rxc5 19. Nd4 Ka7 20. g4 Rc7 21. Rde1 Kb6 22. f5 Nc6 23. fxe6 fxe6 24. Rhf1 Nxd4 25. cxd4 Bb5 26. Bxb5 Kxb5 27. b3 Rhc8 28. Rc1 Rxc1+ 29. Rxc1 Rxc1+ 30. Kxc1 a5 31. Kb2 a4 32. Ka3 axb3 33. Kxb3 g5 34. h3 h6 35. a3 Ka5 0-1

[Event "Camp. Italiano Magistrale"]
[Site "Chiavari"]
[Date "1982.12.09"]
[Round "5"]
[White "Tirabassi, Maurizio"]
[Black "Milesi Ferretti, Gian Maria"]
[Result "1/2-1/2"]
[WhiteElo "2129"]
[BlackElo "1990"]
[Annotator "5h"]
[PlyCount "81"]
[EventDate "1982.10.??"]
[EventType "tourn"]
[EventCountry "ITA"]

1. d4 Nf6 2. c4 c5 3. Nf3 cxd4 4. Nxd4 e5 5. Nb5 d5 6. cxd5 Bc5 7. e3 O-O 8. N5c3 e4 9. Be2 Qe7 10. b3 Rd8 11. Bb2 Nc6 12. Nd2 Nb4 13. O-O Nbxd5 14. Nxd5 Nxd5 15. Bc4 Bf5 16. Qh5 Bg6 17. Qg4 b5 18. Bxd5 Rxd5 19. Rfd1 f6 20. Rac1 Bh5 21. Qxe4 Qxe4 22. Nxe4 Rxd1+ 23. Rxd1 Bxd1 24. Nxc5 Bh5 25. Kf1 Rd8 26. Bd4 Kf7 27. Ke1 Ke7 28. Kd2 a5 29. a3 Bf7 30. Kc3 Ra8 31. f3 Kd6 32. h4 Rc8 33. b4 axb4+ 34. Kxb4 Kc6 35. g4 Bd5 36. f4 Re8 37. g5 fxg5 38. hxg5 g6 39. Nd3 Bc4 40. Ne5+ Kd5 41. a4 1/2-1/2

[Event "Camp. Italiano Magistrale"]
[Site "Chiavari"]
[Date "1982.12.10"]
[Round "6"]
[White "Tirabassi, Maurizio"]
[Black "De Palma, Diego"]
[Result "1/2-1/2"]
[WhiteElo "2129"]
[BlackElo "2022"]
[Annotator "4h 15'"]
[PlyCount "55"]
[EventDate "1982.10.??"]
[EventType "tourn"]
[EventCountry "ITA"]

1. d4 Nf6 2. c4 g6 3. Nc3 d5 4. cxd5 Nxd5 5. e4 Nxc3 6. bxc3 Bg7 7. Nf3 c5 8. Be3 O-O 9. Rc1 cxd4 10. cxd4 Bg4 11. Be2 Bxf3 12. Bxf3 Qa5+ 13. Qd2 Qxd2+ 14. Kxd2 Nc6 15. d5 Rfd8 16. Rhd1 Be5 17. Ke1 Nb4 18. a3 Na2 19. Rc2 Nc3 20. Bd4 Bxd4 21. Rxd4 Rac8 22. Rb4 Rc7 23. Bg4 h5 24. Bh3 e6 25. Rb3 Nxd5 26. Rxc7 Nxc7 27. Rxb7 Rc8 28. Rxa7 1/2-1/2

[Event "Camp. Italiano Magistrale"]
[Site "Chiavari"]
[Date "1982.12.11"]
[Round "7"]
[White "Bruno, Fabio"]
[Black "Tirabassi, Maurizio"]
[Result "1-0"]
[WhiteElo "2233"]
[BlackElo "2129"]
[Annotator "2h 15'"]
[PlyCount "43"]
[EventDate "1982.10.??"]
[EventType "tourn"]
[EventCountry "ITA"]

1. c4 e5 2. Nc3 Nc6 3. g3 g6 4. Bg2 Bg7 5. Rb1 a5 6. a3 d6 7. b4 axb4 8. axb4 Nge7 9. b5 Nd4 10. e3 Ne6 11. Nge2 O-O 12. d3 f5 13. Nd5 g5 14. f4 Ng6 15. O-O Bd7 16. e4 c6 17. bxc6 bxc6 18. Nb6 Rb8 19. Nxd7 Rxb1 20. Nxf8 Qxf8 21. exf5 Qxf5 22. Be4 1-0

[Event "Camp. Italiano Magistrale"]
[Site "Chiavari"]
[Date "1982.12.12"]
[Round "8"]
[White "Tirabassi, Maurizio"]
[Black "Govoni, Fausto"]
[Result "1-0"]
[WhiteElo "2129"]
[BlackElo "1991"]
[Annotator "2h 10'"]
[PlyCount "55"]
[EventDate "1982.10.??"]
[EventType "tourn"]
[EventCountry "ITA"]

1. c4 c6 2. g3 Nf6 3. Bg2 d5 4. Nf3 e6 5. O-O Be7 6. b3 O-O 7. Bb2 Nbd7 8. Qc2 b6 9. d3 Bb7 10. e4 c5 11. Nbd2 Rc8 12. Rfe1 Ne8 13. Re2 d4 14. e5 Ba8 15. Rae1 g6 16. Bc1 Ng7 17. h4 Re8 18. Ne4 Rb8 19. Bg5 h5 20. Qc1 Bxg5 21. hxg5 Kh7 22. Nf6+ Nxf6 23. gxf6 Bxf3 24. Bxf3 Nf5 25. Qg5 Rh8 26. Be4 Qf8 27. Bxf5 gxf5 28. Qxh5+ 1-0

[Event "42.Camp. Italiano"]
[Site "Arco di Trento ITA"]
[Date "1982.10.11"]
[Round "1.2"]
[White "Bruno, Fabio"]
[Black "Lagumina, Giulio"]
[Result "0-1"]
[WhiteElo "2243"]
[BlackElo "2176"]
[Annotator "Gabriele Ballarin"]
[PlyCount "88"]
[EventDate "1982.10.11"]
[EventType "tourn"]
[EventRounds "12"]
[EventCountry "ITA"]

1. c4 g6 2. Nc3 Bg7 3. g3 d6 4. Bg2 Nf6 5. e3 O-O 6. Nge2 c5 7. O-O Nc6 8. a3 e5 9. Nd5 Nxd5 10. Bxd5 Bh3 11. Re1 Qd7 12. Nc3 Ne7 13. Bg2 Bxg2 14. Kxg2 d5 15. d3 Rad8 16. e4 dxc4 17. dxc4 Qxd1 18. Rxd1 Rxd1 19. Nxd1 Nc6 20. Be3 b6 21. f3 f5 22. Rc1 f4 23. Bf2 Rd8 24. Nc3 Rd2 25. b3 fxg3 26. hxg3 Bh6 27. Rd1 Rxd1 28. Nxd1 Na5 29. Nb2 Nxb3 30. Nd3 Na5 31. Nxe5 Bg7 32. Nd3 Nxc4 33. a4 Nb2 34. Nxb2 Bxb2 35. Kf1 Kf7 36. Ke2 Ke6 37. f4 Kd6 38. g4 a6 39. e5+ Kd5 40. Kf3 g5 41. e6 Kxe6 42. a5 bxa5 43. Bxc5 a4 44. f5+ Kf6 0-1

[Event "42.Camp. Italiano"]
[Site "Arco di Trento ITA"]
[Date "1982.10.11"]
[Round "1.3"]
[White "Pompa, Alessandro"]
[Black "Santolini, Luigi"]
[Result "1/2-1/2"]
[WhiteElo "1995"]
[BlackElo "2249"]
[Annotator "Gabriele Ballarin"]
[PlyCount "37"]
[EventDate "1982.10.11"]
[EventType "tourn"]
[EventRounds "12"]
[EventCountry "ITA"]

1. d4 Nf6 2. c4 g6 3. Nc3 Bg7 4. e4 d6 5. f3 O-O 6. Be3 e5 7. Nge2 Nfd7 8. Qd2 c6 9. h4 h5 10. Bh6 Bxh6 11. Qxh6 Qf6 12. O-O-O Nb6 13. Ng3 exd4 14. Nce2 c5 15. Nxh5 Qh8 16. Qxh8+ Kxh8 17. Nhf4 Nc6 18. Ng3 a5 19. Nd5 1/2-1/2

[Event "42.Camp. Italiano"]
[Site "Arco di Trento ITA"]
[Date "1982.10.11"]
[Round "1.4"]
[White "Messa, Roberto"]
[Black "Vallifuoco, Giovanni"]
[Result "1/2-1/2"]
[WhiteElo "2330"]
[BlackElo "2128"]
[Annotator "Gabriele Ballarin"]
[PlyCount "38"]
[EventDate "1982.10.11"]
[EventType "tourn"]
[EventRounds "12"]
[EventCountry "ITA"]

1. e4 c5 2. Nf3 d6 3. d4 cxd4 4. Nxd4 Nf6 5. Nc3 g6 6. Be2 Bg7 7. O-O O-O 8. Bg5 Nc6 9. Nb3 Be6 10. Qd2 Rc8 11. Bh6 Bxh6 12. Qxh6 Ne5 13. Rad1 Qb6 14. Bd3 Nc4 15. Qc1 Qb4 16. Bxc4 Rxc4 17. Nd5 Bxd5 18. exd5 Rfc8 19. c3 Qa4 1/2-1/2

[Event "42.Camp. Italiano"]
[Site "Arco di Trento ITA"]
[Date "1982.10.11"]
[Round "1.7"]
[White "Martorelli, Antonio"]
[Black "Passerotti, Pierluigi"]
[Result "1/2-1/2"]
[WhiteElo "2224"]
[BlackElo "2338"]
[Annotator "Gabriele Ballarin"]
[PlyCount "54"]
[EventDate "1982.10.11"]
[EventType "tourn"]
[EventRounds "12"]
[EventCountry "ITA"]

1. d4 Nf6 2. c4 e6 3. Nc3 Bb4 4. e3 c5 5. Bd3 d5 6. Nge2 dxc4 7. Bxc4 O-O 8. O-O b6 9. a3 Bxc3 10. bxc3 Ba6 11. Bxa6 Nxa6 12. Qd3 Qc8 13. e4 Nd7 14. Ng3 c4 15. Qc2 Nc7 16. f4 Qb7 17. f5 Qc6 18. a4 Rfe8 19. Ba3 e5 20. d5 Qb7 21. f6 g6 22. Rf3 b5 23. Raf1 Kh8 24. Qd2 Rg8 25. Qh6 g5 26. Be7 Rg6 27. Qh5 Ne8 1/2-1/2

[Event "42.Camp. Italiano"]
[Site "Arco di Trento ITA"]
[Date "1982.10.12"]
[Round "2.1"]
[White "Cocozza, Mario"]
[Black "Passerotti, Pierluigi"]
[Result "1/2-1/2"]
[WhiteElo "2243"]
[BlackElo "2338"]
[Annotator "Gabriele Ballarin"]
[PlyCount "32"]
[EventDate "1982.10.11"]
[EventType "tourn"]
[EventRounds "12"]
[EventCountry "ITA"]

1. e4 Nc6 2. d4 d5 3. Nc3 e5 4. Bb5 Bd7 5. dxe5 dxe4 6. Nxe4 Qe7 7. Nf3 Nxe5 8. Bxd7+ Nxd7 9. O-O O-O-O 10. Nc3 Nb6 11. Qe2 Nf6 12. Bg5 Qxe2 13. Nxe2 Be7 14. Ng3 Nfd5 15. Bxe7 Nxe7 16. Rfe1 Nc6 1/2-1/2

[Event "42.Camp. Italiano"]
[Site "Arco di Trento ITA"]
[Date "1982.10.12"]
[Round "2.2"]
[White "Sibilio, Mario"]
[Black "Martorelli, Antonio"]
[Result "1-0"]
[WhiteElo "2261"]
[BlackElo "2224"]
[Annotator "Gabriele Ballarin"]
[PlyCount "53"]
[EventDate "1982.10.11"]
[EventType "tourn"]
[EventRounds "12"]
[EventCountry "ITA"]

1. d4 d5 2. Nf3 Nf6 3. g3 c5 4. c3 Nc6 5. Bg2 Bf5 6. dxc5 e6 7. b4 a5 8. b5 Na7 9. b6 Nc6 10. Ba3 Bxb1 11. Qxb1 Ne4 12. O-O Bxc5 13. Bxc5 Nxc5 14. c4 dxc4 15. Rd1 Nd7 16. Nd4 Nxd4 17. Rxd4 Qxb6 18. Qd1 Nc5 19. Rb1 Qa7 20. Bxb7 Rb8 (20... Nxb7 21. Qa4+ Kf8 22. Rd7) 21. Rxc4 Rxb7 22. Rxb7 Nxb7 (22... Qxb7 23. Rxc5) 23. Rc8+ Ke7 24. Rxh8 Nd6 25. Rxh7 Ne4 26. e3 g5 27. Qh5 1-0